=LDR 00000nam 2200000 4500 =001 INLIS000000000046480 =005 20150324162541.0 =006 =007 =008 =020 ##$$a 979-006-146-3 =035 ##$$0010-031500000000252 =040 ##$$a Ind =082 ##$$a 635.9 =090 ##$$a 635.9$bAnd p.3 =100 ##$$a Andoko =245 ##$$a Pesona tanaman purba =250 ##$$a Cet.1 =260 ##$$a jakarta$bAgromedia$c2008 =300 ##$$a viii,52hlm$b25cm =850 ##$$a NBPDMAT =990 ##$$a 0001/BPAP-NTB/20142015